000 00410nam a2200169Ia 4500
005 20240823055227.0
008 240823s9999||||xx |||||||||||||| ||und||
041 _aENGLISH
082 _A620.5 Q6
100 _aChoudhary K K
245 0 _aNanoscience and Nanotechnology
250 _a1st
260 _c2016
_bNarosa Publishing
500 _aYES
650 _aNanoscience
_bNano Technology
942 _cBK
999 _c228289
_d228289